000
00246nam a2200109Ia 4500
008
220204s9999 xx 000 0 und d
082
_a
327
_b
AMI
100
_a
Amita Malik
245
0
_a
India watching
260
_a
Delhi
_b
Vikas
_c
1977
942
_c
BK
999
_c
25100
_d
25100